| 000 | 00819nam a22002297a 4500 | ||
|---|---|---|---|
| 999 |
_c534140 _d534140 |
||
| 003 | NUST | ||
| 005 | 20200204120306.0 | ||
| 008 | 200204b ||||| |||| 00| 0 eng d | ||
| 038 | _aIESE | ||
| 040 | _c0 | ||
| 050 | _a363.7 | ||
| 082 |
_a363.7 _bZAI |
||
| 100 |
_aZainab,Tooba _928286 |
||
| 245 |
_aLong-term analysis of formaldehyde by using stationary mobile and satellite observations over Pakistan _cTooba Zainab |
||
| 260 |
_aIslamabad _bIESE (SCEE) NUST _c2019 |
||
| 300 |
_a67p. _bH.B |
||
| 440 |
_aMS Environmental Science _91724 |
||
| 500 | _aThesis MS ES | ||
| 650 |
_aEnvironmental Science _91725 |
||
| 700 | _4Dr. M Fahim Khokhar (Supervisor) | ||
| 942 |
_2ddc _cTHE _kIESE |
||